000 00588cam a2200133 4500500
005 20260111112432.0
041 _afre
042 _adc
245 0 0 _aPIQUEMAL, Marcel, Etre agent public. Paris (France) : Editions du Papyrus (www.editions-papyrus.com), 2004. 76 p. ISBN:2-87603-150-7. 13 €
260 _c2005.
500 _a13
786 0 _nRevue Internationale des Sciences Administratives | 71 | 1 | 2005-03-01 | p. 185s-190s | 0303-965X
856 4 1 _uhttps://droit.cairn.info/revue-internationale-des-sciences-administratives-2005-1-page-185s?lang=fr&redirect-ssocas=7080
999 _c1632297
_d1632297